01108nam a2200265 a 4500001001000000003000400010005001700014008004100031040002500072082001000097100004000107245016500147260004300312300002000355500004200375504003400417590002800451700002800479710005400507910002800561942001400589952010100603952012100704999001700825000045611OSt20250716100243.0150416s1982 dr 000 0 spa d aDO-SdBNPbspacBNPHU bR789f1 aRosario Mota, Gumersindo del93225210aFunciones de consumo para bienes alimenticios :b(un primer análisis de los datos de la ENIGF) /cGumersindo del Rosario Mota ; consultor Dr. Philip Musgrove. aSanto Domingo :bBanco Central,c1982. a45 p. ;c22 cm. aIncluye notas al pie de las páginas aBibliografía : página 45  aInventariado, 2020 / DG12aMusgrove, Philip9736792 aBanco Central de la República Dominicana983405 aInventariado, 2020 / DG 2ddccLBS1 00102ddc718PDaPDbPDcCTd2015-04-16iLF1l0o R789fp45611-10r2020-06-25w2020-06-25yLFPD 00102ddc72aPDbPDcCTd2020-10-26eDonado por la Familia Reyes Dulucl0oR789fr2020-10-26te.2w2020-10-26yLBS1 c45100d45100